| 000 | 00000nam 2200000zi 4500 |
| 001 | 9.936882 |
| 003 | CaOODSP |
| 005 | 20240416131443 |
| 006 | m o d f |
| 007 | cr cn||||||||| |
| 008 | 240416s2020 pic o f000 0 eng d |
| 040 | |aCaOODSP|beng|erda|cCaOODSP |
| 043 | |an-cn--- |
| 086 | 1 |aV32-436/2020-1E-PDF |
| 245 | 00|aSummary of the joint evaluation of the implementation of the Veterans Hiring Act. |
| 264 | 1|b[Charlottetown, Prince Edward island] : |bVeterans Affairs Canada = Anciens combattants Canada : |bPublic Service Commission of Canada = Commission de la fonction publique du Canada, |c[2020] |
| 300 | |a1 online resource (2 unnumbered pages) |
| 336 | |atext|btxt|2rdacontent |
| 337 | |acomputer|bc|2rdamedia |
| 338 | |aonline resource|bcr|2rdacarrier |
| 500 | |aCaption title. |
| 500 | |aIssued also in French under title: Résumé de l'évaluation conjointe de la mise en œuvre de la Loi sur l'embauche des anciens combattants. |
| 520 | |a"The Veterans Hiring Act amended the Public Service Employment Act in 2015 to help veterans and eligible Canadian Armed Forces members find federal public service jobs through 3 provisions: priority, preference and mobility"--Page [1]. |
| 610 | 10|aCanada. |bVeterans Affairs Canada|xEvaluation. |
| 610 | 10|aCanada. |tVeterans Hiring Act. |
| 710 | 1 |aCanada. |bVeterans Affairs Canada, |eissuing body. |
| 710 | 2 |aPublic Service Commission of Canada, |eissuing body. |
| 775 | 08|tRésumé de l'évaluation conjointe de la mise en œuvre de la Loi sur l'embauche des anciens combattants.|w(CaOODSP)9.936884 |
| 856 | 40|qPDF|s465 KB|uhttps://publications.gc.ca/collections/collection_2024/acc-vac/V32-436-2020-1-eng.pdf |
| 856 | 4 |qHTML|sN/A|uhttps://www.canada.ca/en/public-service-commission/services/publications/summary-joint-evaluation-implementation-veterans-hiring-act.html |